00577nam a22001337a 4500003000900000005001700009008004100026040001300067100000800080245003300088260002000121300001800141521028400159IT-RoPau20220918181109.0130627b xxu||||| |||| 00| 0 eng d cIT-RoPau aSSP aFr. Francesco Timoteo Chessa aRomabSSPc2007 a50 pp.c21 cm aIndice Società San Paolo Casa Generalizia Messa esequiale presieduta dal Superiore Generale Don Silvio Sassi Omelia alla Messa esequiale Testimonianze Il ricordo e la preghiera dei confratelli Il cordoglio orante della Famiglia Paolina Il cordoglio di amici e collaboratori